00439nam a2200121Ia 4500001000400000008004100004082002800045100010700073245007000180260002400250901002800274999001500302187241024s9999 xx 000 0 und d aRD/370.97293/R426r/2008 aRepública Dominicana.Secretaria de Estado de Educación. Instituto Nacional de Educación Física 0aReglamento del Instituto Nacional de Educación Física (INEFI) bSanto Domingoc2008 a20/10/2010 2:10:22 p.m. c8979d8979